[Event "CAN-ch"]
[Site "Toronto CAN"]
[Date "2024.03.27"]
[Round "1.1"]
[White "Rodrigue-Lemieux, Shawn"]
[Black "Latorre, Vincent"]
[Result "1-0"]
[WhiteElo "2506"]
[BlackElo "2181"]
[PlyCount "103"]
[EventDate "2024.03.27"]
[EventType "swiss"]
[EventRounds "10"]
[EventCountry "CAN"]

1. e4 e5 2. Nf3 Nc6 3. Bc4 Nf6 4. d3 Bc5 5. O-O d6 6. c3 O-O 7. h3 h6 8. Re1 a6
9. a4 Ba7 10. Nbd2 Ne7 11. Nf1 Ng6 12. Ng3 c6 13. Bb3 Re8 14. d4 Qc7 15. Bc2
Nh7 16. Be3 Nhf8 17. Qd2 Ne6 18. Nh5 Kf8 19. Rad1 Rd8 20. Bb3 Bd7 21. Nh2 c5
22. d5 Ng5 23. Bc2 f6 24. Rf1 Kg8 25. Kh1 Re8 26. Qe1 c4 27. Bxa7 Rxa7 28. Qe3
Raa8 29. Qg3 Kh7 30. h4 Nf7 31. Nxg7 Kxg7 32. h5 Nfh8 33. hxg6 Nxg6 34. f4 exf4
35. Rxf4 Re5 36. Rf5 Rf8 37. Ng4 Kh7 38. Nxf6+ Kg7 39. Nh5+ Kh7 40. Nf6+ Kg7
41. Nh5+ Kh7 42. Rdf1 Be8 43. Rxf8 Rxh5+ 44. Kg1 Rg5 45. Qf2 Nxf8 46. Qxf8 Qc5+
47. Rf2 Re5 48. Bd1 h5 49. Kh2 Bg6 50. Rf6 Qc7 51. Bf3 Re7 52. Bxh5 1-0

[Event "CAN-ch"]
[Site "Toronto CAN"]
[Date "2024.03.28"]
[Round "2.1"]
[White "Dukic, Zachary"]
[Black "Rodrigue-Lemieux, Shawn"]
[Result "0-1"]
[WhiteElo "2266"]
[BlackElo "2506"]
[PlyCount "100"]
[EventDate "2024.03.27"]
[EventType "swiss"]
[EventRounds "10"]
[EventCountry "CAN"]

1. e4 c6 2. Nc3 d5 3. Nf3 Bg4 4. h3 Bxf3 5. Qxf3 Nf6 6. Be2 e6 7. O-O Bc5 8.
Rd1 Bd4 9. Qf4 e5 10. Qg3 O-O 11. d3 Bxc3 12. bxc3 Nbd7 13. Bh6 Ne8 14. exd5
cxd5 15. Bf3 Qc7 16. Rab1 Nb6 17. c4 dxc4 18. Bd2 c3 19. Be1 Rb8 20. Rb3 Na4
21. Rdb1 b6 22. Qh4 Nc5 23. Rxc3 Nd6 24. a4 Qd7 25. Ra3 Rfe8 26. Bd2 Ne6 27.
Re1 Nd4 28. Bd1 Rbc8 29. Rxe5 Rxe5 30. Qxd4 Qe7 31. Ra1 Qf6 32. Kh2 Re6 33.
Qxf6 Rxf6 34. Kg1 Nf5 35. c3 h6 36. Bb3 Ne7 37. Bc4 Nc6 38. Ba6 Rd8 39. Be3 Na5
40. Rb1 Rfd6 41. Kf1 Rc6 42. Bd2 Rc7 43. Ke2 Re7+ 44. Be3 f5 45. g3 Nb7 46. Rb4
Kf7 47. h4 Kf6 48. Kf3 Nc5 49. Bb5 Nxd3 50. Bd4+ Rxd4 0-1

[Event "CAN-ch"]
[Site "Toronto CAN"]
[Date "2024.03.28"]
[Round "3.1"]
[White "Rodrigue-Lemieux, Shawn"]
[Black "Jaferian, Koosha"]
[Result "1/2-1/2"]
[WhiteElo "2506"]
[BlackElo "2234"]
[PlyCount "73"]
[EventDate "2024.03.27"]
[EventType "swiss"]
[EventRounds "10"]
[EventCountry "CAN"]

1. e4 e5 2. Nf3 Nc6 3. Bb5 a6 4. Ba4 Nf6 5. d3 b5 6. Bb3 Bc5 7. O-O d6 8. c3 h6
9. Re1 Bb6 10. a4 Rb8 11. Na3 O-O 12. axb5 axb5 13. Nxb5 Bxf2+ 14. Kxf2 Rxb5
15. Ba4 Rb6 16. Kg1 Bd7 17. b4 Ne7 18. Bb3 Qc8 19. Rf1 Be6 20. Bc2 Nd7 21. Be3
Ra6 22. Qe2 Qa8 23. Rxa6 Qxa6 24. Qd2 Kh7 25. c4 f6 26. Qc3 Ra8 27. Nd2 Qb7 28.
Nb3 Rb8 29. b5 Ra8 30. d4 Bf7 31. d5 Bg6 32. Qb4 Qb8 33. Bb1 Nc8 34. Na5 Ncb6
35. Nc6 Qf8 36. Bc2 Ra2 37. Qb1 1/2-1/2

[Event "CAN-ch"]
[Site "Toronto CAN"]
[Date "2024.03.30"]
[Round "6.1"]
[White "Rodrigue-Lemieux, Shawn"]
[Black "Thavandiran, Shiyam"]
[Result "0-1"]
[WhiteElo "2506"]
[BlackElo "2347"]
[PlyCount "100"]
[EventDate "2024.03.27"]
[EventType "swiss"]
[EventRounds "10"]
[EventCountry "CAN"]

1. e4 e6 2. d4 d5 3. Nd2 c5 4. Ngf3 cxd4 5. Nxd4 Nf6 6. exd5 a6 7. N2f3 Qxd5 8.
Bd3 Nbd7 9. O-O Bd6 10. c4 Qc5 11. a3 b6 12. Re1 O-O 13. Bf1 Bb7 14. Bg5 Ne5
15. b4 Qc7 16. Rc1 Rad8 17. Qe2 Nxf3+ 18. Nxf3 Bxf3 19. Qxf3 Bxh2+ 20. Kh1 Be5
21. c5 b5 22. a4 Rd4 23. axb5 axb5 24. Bxf6 Bxf6 25. Re4 Rxe4 26. Qxe4 Rb8 27.
Rd1 g6 28. Rd6 Kg7 29. g3 h5 30. Bd3 h4 31. g4 Qa7 32. Bb1 Qa1 33. Rd7 Kg8 34.
Kg2 Qe5 35. Qf3 Rd8 36. c6 Rxd7 37. cxd7 Kg7 38. Bd3 Be7 39. Qe4 Qb8 40. Qc6
Qf4 41. Qe4 h3+ 42. Kg1 h2+ 43. Kg2 h1=Q+ 44. Kxh1 Qxf2 45. Bxb5 Bd6 46. Qe2
Qh4+ 47. Kg1 Bc7 48. Qe4 Bb6+ 49. Kg2 Qf2+ 50. Kh3 Bc7 0-1

[Event "CAN-ch"]
[Site "Toronto CAN"]
[Date "2024.04.01"]
[Round "8.3"]
[White "Noritsyn, Sergey"]
[Black "Rodrigue-Lemieux, Shawn"]
[Result "0-1"]
[WhiteElo "2191"]
[BlackElo "2506"]
[PlyCount "150"]
[EventDate "2024.03.27"]
[EventType "swiss"]
[EventRounds "10"]
[EventCountry "CAN"]

1. e4 c6 2. Nf3 d5 3. Nc3 dxe4 4. Nxe4 Nf6 5. Qe2 Nxe4 6. Qxe4 Nd7 7. Bc4 Nf6
8. Ne5 e6 9. Qe2 b5 10. Bb3 Qc7 11. O-O Bd6 12. d4 O-O 13. c3 c5 14. Bf4 c4 15.
Bc2 Bb7 16. a4 a6 17. Rfe1 Nd5 18. Bg3 Rad8 19. Rac1 Rfe8 20. Qh5 f5 21. f3 Nf6
22. Qg5 Bd5 23. Bh4 Nd7 24. Qh5 Nf6 25. Qg5 Be7 26. Qd2 b4 27. Rb1 Qa5 28. Qe2
b3 29. Bd1 Qxa4 30. Qf1 Qb5 31. Be2 Rc8 32. g4 Nxg4 33. Bxe7 Nxe5 34. Bh4 Ng6
35. Bg3 Qc6 36. f4 a5 37. Ra1 a4 38. h4 Nh8 39. Kh2 Nf7 40. Qf2 Nh6 41. h5 Ra8
42. Ra3 Ra5 43. Bh4 Be4 44. Qe3 Rc8 45. Bg5 Nf7 46. Be7 Qe8 47. Bc5 Bd5 48. Rg1
Nh6 49. Qg3 Qf7 50. Bd6 Ra7 51. Be5 Kf8 52. Qh4 Ng4+ 53. Bxg4 fxg4 54. Qxg4 Qf5
55. Bxg7+ Kf7 56. Qxf5+ exf5 57. Rg5 Be4 58. Kg3 Ra6 59. h6 Rcc6 60. Kf2 Re6
61. d5 Rg6 62. Ke3 Rxg5 63. fxg5 Bxd5 64. Kd4 Ra5 65. Bf6 Be6 66. Ke3 Bd7 67.
Kf4 Rd5 68. Ra1 Kg6 69. Ke3 Rd3+ 70. Ke2 f4 71. Bd4 f3+ 72. Ke1 Rxd4 73. cxd4
c3 74. Rb1 c2 75. Rc1 a3 0-1

[Event "CAN-ch"]
[Site "Toronto CAN"]
[Date "2024.04.02"]
[Round "10.4"]
[White "Sambuev, Bator"]
[Black "Rodrigue-Lemieux, Shawn"]
[Result "0-1"]
[WhiteElo "2462"]
[BlackElo "2506"]
[PlyCount "110"]
[EventDate "2024.03.27"]
[EventType "swiss"]
[EventRounds "10"]
[EventCountry "CAN"]

1. d4 d5 2. Nc3 Nf6 3. Bf4 a6 4. e3 e6 5. g4 Bb4 6. Bd3 c5 7. dxc5 Nc6 8. Bd6
Nd7 9. a3 Bxc5 10. Bg3 Nde5 11. Nf3 Nxg4 12. Rg1 Be7 13. h3 Nf6 14. Ne5 Nd7 15.
Nxd7 Bxd7 16. e4 d4 17. Nb1 e5 18. Nd2 Bxh3 19. Qh5 Be6 20. f4 g6 21. Qh6 exf4
22. Bxf4 Bd6 23. Bg5 f6 24. Bf4 Bxf4 25. Qxf4 Ne5 26. Nf3 Nxf3+ 27. Qxf3 Qa5+
28. Ke2 Qe5 29. Rg2 O-O-O 30. Kd2 g5 31. Rf1 Rdf8 32. Qh5 g4 33. Rh1 Kd7 34.
Qxe5 fxe5 35. Rh5 Kd6 36. Rh6 Rfg8 37. Be2 Rg6 38. Rxg6 hxg6 39. Bxg4 Bxg4 40.
Rxg4 Rh6 41. a4 Ke6 42. c3 dxc3+ 43. Kxc3 Kf6 44. Kc4 Rh2 45. b4 g5 46. Rg1 Rd2
47. Kc5 Rd4 48. Rb1 g4 49. Kb6 Rd7 50. Rf1+ Kg5 51. Rf5+ Kh4 52. Rxe5 g3 53.
Re8 Rg7 54. Rc8 g2 55. Rc1 Re7 0-1

[Event "Collegiate League Div 1  - Playoffs"]
[Site "Chess.com"]
[Date "2024.03.23"]
[Round "2.2"]
[White "Gledura, Benjamin"]
[Black "Rodrigue-Lemieux, Shawn"]
[Result "0-1"]
[WhiteElo "2843"]
[BlackElo "2887"]
[PlyCount "70"]
[EventDate "2024.03.16"]
[EventType "team"]
[EventRounds "3"]
[EventCountry "NET"]
[WhiteTeam "Webster University"]
[BlackTeam "University of Texas Rio Grande Valley"]

1. d4 Nf6 2. c4 e6 3. Nc3 Bb4 4. e3 O-O 5. Bd3 d5 6. cxd5 exd5 7. Nge2 Re8 8.
O-O Bd6 9. Qc2 a6 10. Rb1 Nbd7 11. b4 b6 12. Ng3 h5 13. e4 h4 14. Nf5 dxe4 15.
Nxe4 Bf8 16. Bg5 Bb7 17. Rfe1 Re6 18. Bxh4 Qe8 19. Bxf6 Bxe4 20. Rxe4 Nxf6 21.
Rxe6 Qxe6 22. h3 c6 23. Bc4 Nd5 24. a3 b5 25. Bxd5 Qxd5 26. Re1 a5 27. Re5 Qd7
28. Qe4 axb4 29. axb4 g6 30. Ne7+ Kg7 31. h4 Ra7 32. Nxc6 Ra1+ 33. Kh2 Bd6 34.
f4 Qg4 35. f5 Qxe4 0-1

[Event "Collegiate League Div 1  - Playoffs"]
[Site "Chess.com"]
[Date "2024.03.23"]
[Round "2.3"]
[White "Kantor, Gergely"]
[Black "Rodrigue-Lemieux, Shawn"]
[Result "1/2-1/2"]
[WhiteElo "2776"]
[BlackElo "2894"]
[PlyCount "60"]
[EventDate "2024.03.16"]
[EventType "team"]
[EventRounds "3"]
[EventCountry "NET"]
[WhiteTeam "Webster University"]
[BlackTeam "University of Texas Rio Grande Valley"]

1. d4 Nf6 2. c4 e6 3. Nf3 d5 4. Nc3 Bb4 5. Qa4+ Nc6 6. Qc2 O-O 7. Bg5 h6 8.
Bxf6 Qxf6 9. a3 Bxc3+ 10. Qxc3 dxc4 11. e3 Re8 12. Bxc4 e5 13. dxe5 Nxe5 14.
Nxe5 Qxe5 15. Qxe5 Rxe5 16. Rc1 Kf8 17. Ke2 c6 18. Rhd1 Ke7 19. Rd2 g5 20. Rcd1
Bf5 21. f3 Re8 22. e4 Bc8 23. Kf2 a5 24. Rd6 Rc5 25. R6d4 h5 26. R1d2 h4 27. b4
Re5 28. Bb3 axb4 29. axb4 f5 30. exf5 Bxf5 1/2-1/2

[Event "Collegiate League Div 1  - Playoffs"]
[Site "Chess.com"]
[Date "2024.03.24"]
[Round "3.1"]
[White "Budisavljevic, Luka"]
[Black "Rodrigue-Lemieux, Shawn"]
[Result "0-1"]
[WhiteElo "2767"]
[BlackElo "2884"]
[PlyCount "68"]
[EventDate "2024.03.16"]
[EventType "team"]
[EventRounds "3"]
[EventCountry "NET"]
[WhiteTeam "University of Missouri"]
[BlackTeam "University of Texas Rio Grande Valley"]

1. e4 c6 2. d4 d5 3. exd5 cxd5 4. Bd3 Nc6 5. c3 Qc7 6. h3 g6 7. Ne2 Bf5 8. Bxf5
gxf5 9. Bf4 Qd7 10. Nd2 e6 11. Nf3 Bd6 12. Qb3 Rb8 13. Ne5 Qc7 14. Nd3 Nf6 15.
Qa3 e5 16. Bg5 Bxa3 17. Bxf6 e4 18. Ne5 Bd6 19. Bxh8 Ke7 20. Nf4 Qa5 21. Bg7
Rg8 22. Nh5 Nxd4 23. Bf6+ Ke6 24. O-O-O Ne2+ 25. Kd2 Bxe5 26. Bxe5 Kxe5 27.
Kxe2 Rxg2 28. Rd2 Qa6+ 29. Kd1 Qxa2 30. Kc2 Qa4+ 31. Kb1 e3 32. f4+ Kd6 33. Rd4
Qc2+ 34. Ka1 Qxb2# 0-1

[Event "Collegiate League Div 1  - Playoffs"]
[Site "Chess.com"]
[Date "2024.03.24"]
[Round "3.2"]
[White "Rodrigue-Lemieux, Shawn"]
[Black "Raja, Harshit"]
[Result "0-1"]
[WhiteElo "2889"]
[BlackElo "2774"]
[PlyCount "134"]
[EventDate "2024.03.16"]
[EventType "team"]
[EventRounds "3"]
[EventCountry "NET"]
[WhiteTeam "University of Texas Rio Grande Valley"]
[BlackTeam "University of Missouri"]

1. e4 c5 2. Nf3 d6 3. Bb5+ Nd7 4. Ba4 Ngf6 5. O-O e6 6. Re1 a6 7. c3 b5 8. Bc2
c4 9. b3 Bb7 10. Na3 Qc7 11. Qe2 Rc8 12. Rb1 cxb3 13. axb3 Be7 14. Bb2 O-O 15.
Rbc1 Qb6 16. d4 d5 17. e5 Ne4 18. Nb1 f5 19. exf6 Bxf6 20. Nbd2 Nxd2 21. Qxd2
Rce8 22. Qd3 g6 23. Re3 e5 24. dxe5 Nxe5 25. Nxe5 Rxe5 26. Rf3 Qe6 27. Qf1 Re2
28. Ba3 d4 29. Bxf8 Bxf3 30. Bc5 Bg5 31. Rd1 Rxc2 32. gxf3 Rxc3 33. Bxd4 Rxf3
34. Ba1 Qg4+ 35. Qg2 Qxg2+ 36. Kxg2 Rxb3 37. Rd7 Bh6 38. Rd8+ Kf7 39. Rh8 Bg5
40. Rxh7+ Ke6 41. Rg7 Kf5 42. Rf7+ Ke6 43. Rg7 Kf5 44. Rf7+ Ke4 45. Rg7 Ra3 46.
Bb2 Ra2 47. Bc3 Bh4 48. Rxg6 Bxf2 49. Rg4+ Kd3 50. Bg7 Bd4+ 51. Kg3 Bxg7 52.
Rxg7 b4 53. h4 b3 54. h5 b2 55. Rb7 Kc2 56. h6 Ra1 57. Rc7+ Kb3 58. Rb7+ Kc3
59. h7 Rh1 60. Rc7+ Kd3 61. Rd7+ Kc2 62. Rc7+ Kb1 63. Kg2 Rh5 64. Ra7 a5 65.
Rxa5 Rxh7 66. Kf3 Rc7 67. Ke2 Kc2 0-1

[Event "Collegiate League Div 1  - Playoffs"]
[Site "Chess.com"]
[Date "2024.03.24"]
[Round "3.4"]
[White "Antipov, Mikhail Al"]
[Black "Rodrigue-Lemieux, Shawn"]
[Result "1-0"]
[WhiteElo "2869"]
[BlackElo "2881"]
[PlyCount "73"]
[EventDate "2024.03.16"]
[EventType "team"]
[EventRounds "3"]
[EventCountry "NET"]
[WhiteTeam "University of Missouri"]
[BlackTeam "University of Texas Rio Grande Valley"]

1. e4 c6 2. d4 d5 3. exd5 cxd5 4. Bd3 Nc6 5. c3 Qc7 6. h3 g6 7. Nf3 Bg7 8. O-O
Bf5 9. Be2 Nf6 10. Re1 O-O 11. Be3 Ne4 12. Nbd2 Nd6 13. Bf4 f6 14. Bb5 g5 15.
Bh2 Bg6 16. c4 dxc4 17. Nxc4 a6 18. Nxd6 exd6 19. Bc4+ Kh8 20. Rc1 Qd7 21. Be6
Qd8 22. Qb3 Rb8 23. Qa3 Re8 24. Bxd6 Ra8 25. d5 Na7 26. Bc7 Nb5 27. Bxd8 Nxa3
28. Bc7 Nb5 29. d6 Bf8 30. d7 Nxc7 31. dxe8=Q Nxe8 32. Nd4 Nd6 33. Rc7 f5 34.
Bd5 Bg7 35. Ne6 Bxb2 36. Nxg5 Rd8 37. Ree7 1-0

[Event "Excelsior March op"]
[Site "Toronto CAN"]
[Date "2024.03.15"]
[Round "1.1"]
[White "Yang, Larry"]
[Black "Rodrigue-Lemieux, Shawn"]
[Result "0-1"]
[WhiteElo "2069"]
[BlackElo "2477"]
[PlyCount "66"]
[EventDate "2024.03.15"]
[EventType "swiss"]
[EventRounds "5"]
[EventCountry "CAN"]
[TimeControl "90+30"]

1. e4 {[%emt 0:00:00]} c6 {[%emt 0:00:00]} 2. d4 {[%emt 0:00:00]} d5 {
[%emt 0:00:00]} 3. e5 {[%emt 0:00:00]} Bf5 {[%emt 0:00:00]} 4. Bd3 {
[%emt 0:00:00]} Bxd3 {[%emt 0:00:00]} 5. Qxd3 {[%emt 0:00:00]} e6 {
[%emt 0:00:00]} 6. Ne2 {[%emt 0:00:00]} c5 {[%emt 0:00:00]} 7. c3 {
[%emt 0:00:00]} Nd7 {[%emt 0:00:00]} 8. Nd2 {[%emt 0:00:00]} Ne7 {
[%emt 0:00:00]} 9. Nf3 {[%emt 0:00:00]} Nc6 {[%emt 0:00:00]} 10. O-O {
[%emt 0:00:00]} Be7 {[%emt 0:00:00]} 11. Bd2 {[%emt 0:00:00]} Qb6 {
[%emt 0:00:00]} 12. Rab1 {[%emt 0:00:00]} a5 {[%emt 0:00:00]} 13. Nf4 {
[%emt 0:00:00]} O-O {[%emt 0:00:00]} 14. h4 {[%emt 0:00:00]} Rfc8 {
[%emt 0:00:00]} 15. g4 {[%emt 0:00:00]} cxd4 {[%emt 0:00:00]} 16. cxd4 {
[%emt 0:00:00]} Nb4 {[%emt 0:00:00]} 17. Bxb4 {[%emt 0:00:00]} axb4 {
[%emt 0:00:00]} 18. g5 {[%emt 0:00:00]} Rxa2 {[%emt 0:00:00]} 19. Nh5 {
[%emt 0:00:01]} Nf8 {[%emt 0:00:00]} 20. Kh1 {[%emt 0:07:48]} Qa6 {
[%emt 0:00:00]} 21. Qd2 {[%emt 0:01:42]} Rc3 {[%emt 0:00:00]} 22. Nh2 {
[%emt 0:02:17]} Rd3 {[%emt 0:00:00]} 23. Qf4 {[%emt 0:00:19]} Ng6 {
[%emt 0:00:00]} 24. Qg4 {[%emt 0:00:42]} Qc4 {[%emt 0:00:00]} 25. Rfc1 {
[%emt 0:00:32]} Qxd4 {[%emt 0:00:00]} 26. Rc8+ {[%emt 0:00:01]} Bf8 {
[%emt 0:00:00]} 27. Nf6+ {[%emt 0:00:30]} gxf6 {[%emt 0:00:00]} 28. h5 {
[%emt 0:00:57]} Rxb2 {[%emt 0:00:00]} 29. Rxb2 {[%emt 0:00:36]} Rd1+ {
[%emt 0:00:00]} 30. Kg2 {[%emt 0:00:28]} Nf4+ {[%emt 0:00:00]} 31. Qxf4 {
[%emt 0:00:33]} Qxf4 {[%emt 0:00:00]} 32. Rb3 {[%emt 0:00:21]} Qe4+ {
[%emt 0:00:00]} 33. Rf3 {[%emt 0:00:22]} fxg5 {[%emt 0:00:00]} 0-1

[Event "Excelsior March op"]
[Site "Toronto CAN"]
[Date "2024.03.16"]
[Round "2.1"]
[White "Rodrigue-Lemieux, Shawn"]
[Black "Ning, Eric"]
[Result "1-0"]
[WhiteElo "2477"]
[BlackElo "1957"]
[PlyCount "143"]
[EventDate "2024.03.15"]
[EventType "swiss"]
[EventRounds "5"]
[EventCountry "CAN"]
[TimeControl "90+30"]

1. c4 {[%emt 0:00:00]} Nf6 {[%emt 0:00:00]} 2. g3 {[%emt 0:00:00]} g6 {
[%emt 0:00:00]} 3. Bg2 {[%emt 0:00:00]} d5 {[%emt 0:00:00]} 4. cxd5 {
[%emt 0:00:00]} Nxd5 {[%emt 0:00:00]} 5. Nc3 {[%emt 0:00:00]} Nb6 {
[%emt 0:00:00]} 6. h4 {[%emt 0:00:00]} h6 {[%emt 0:00:00]} 7. d4 {
[%emt 0:00:00]} Bg7 {[%emt 0:00:00]} 8. Nf3 {[%emt 0:00:00]} Nc6 {
[%emt 0:00:00]} 9. Be3 {[%emt 0:00:00]} Bf5 {[%emt 0:00:00]} 10. O-O {
[%emt 0:00:00]} O-O {[%emt 0:00:00]} 11. Qc1 {[%emt 0:00:00]} Kh7 {
[%emt 0:00:00]} 12. Rd1 {[%emt 0:00:00]} Nb4 {[%emt 0:00:00]} 13. d5 {
[%emt 0:00:00]} Qe8 {[%emt 0:00:00]} 14. Nd4 {[%emt 0:00:00]} Bd7 {
[%emt 0:00:00]} 15. a3 {[%emt 0:00:00]} Na6 {[%emt 0:00:00]} 16. Bf4 {
[%emt 0:00:00]} Rc8 {[%emt 0:00:00]} 17. e4 {[%emt 0:00:00]} c6 {[%emt 0:00:00]
} 18. Bf3 {[%emt 0:00:00]} Nc7 {[%emt 0:00:00]} 19. dxc6 {[%emt 0:00:00]} bxc6
{[%emt 0:00:00]} 20. e5 {[%emt 0:00:00]} Ncd5 {[%emt 0:00:00]} 21. Nxd5 {
[%emt 0:00:00]} Nxd5 {[%emt 0:00:00]} 22. Bd2 {[%emt 0:00:00]} Bxe5 {
[%emt 0:00:00]} 23. Bxh6 {[%emt 0:00:00]} Rh8 {[%emt 0:00:00]} 24. Bg2 {
[%emt 0:03:26]} Rb8 {[%emt 0:02:42]} 25. b4 {[%emt 0:00:58]} Bg4 {
[%emt 0:04:53]} 26. Rd3 {[%emt 0:00:31]} Rc8 {[%emt 0:00:35]} 27. Ra2 {
[%emt 0:01:34]} Qd7 {[%emt 0:02:19]} 28. Rc2 {[%emt 0:00:49]} Nf6 {
[%emt 0:01:56]} 29. Qe3 {[%emt 0:03:39]} Bf5 {[%emt 0:01:52]} 30. Nxf5 {
[%emt 0:01:04]} Qxf5 {[%emt 0:00:08]} 31. Bg5 {[%emt 0:00:36]} Rhd8 {
[%emt 0:01:12]} 32. Rcd2 {[%emt 0:00:30]} Ng4 {[%emt 0:00:56]} 33. Qf3 {
[%emt 0:01:06]} Rxd3 {[%emt 0:00:27]} 34. Qxd3 {[%emt 0:01:00]} Qxd3 {
[%emt 0:00:46]} 35. Rxd3 {[%emt 0:00:02]} Rc7 {[%emt 0:00:19]} 36. Bf3 {
[%emt 0:01:10]} Nh6 {[%emt 0:00:24]} 37. Be3 {[%emt 0:01:35]} Nf5 {
[%emt 0:00:17]} 38. Bc5 {[%emt 0:00:05]} Kg7 {[%emt 0:00:21]} 39. Be4 {
[%emt 0:00:49]} Nd6 {[%emt 0:00:29]} 40. Bg2 {[%emt 0:00:12]} Nc4 {
[%emt 0:01:00]} 41. Bf1 {[%emt 0:00:48]} Nb6 {[%emt 0:00:39]} 42. f4 {
[%emt 0:01:14]} Bb2 {[%emt 0:00:08]} 43. g4 {[%emt 0:01:05]} Nd5 {
[%emt 0:00:54]} 44. Rb3 {[%emt 0:00:22]} Bc1 {[%emt 0:00:18]} 45. Bd4+ {
[%emt 0:00:14]} f6 {[%emt 0:00:44]} 46. f5 {[%emt 0:00:08]} Kf7 {[%emt 0:00:30]
} 47. fxg6+ {[%emt 0:00:46]} Kxg6 {[%emt 0:00:01]} 48. Bd3+ {[%emt 0:00:11]}
Kh6 {[%emt 0:00:15]} 49. Kf2 {[%emt 0:00:25]} Nf4 {[%emt 0:01:06]} 50. Ba6 {
[%emt 0:00:58]} Ng6 {[%emt 0:00:34]} 51. Rc3 {[%emt 0:00:29]} Bb2 {
[%emt 0:00:37]} 52. Be3+ {[%emt 0:00:04]} Kg7 {[%emt 0:00:06]} 53. Rb3 {
[%emt 0:00:22]} Be5 {[%emt 0:00:07]} 54. h5 {[%emt 0:00:18]} Nf4 {
[%emt 0:00:38]} 55. Rb1 {[%emt 0:01:00]} Bd6 {[%emt 0:01:07]} 56. Kf3 {
[%emt 0:00:52]} e5 {[%emt 0:00:27]} 57. Rc1 {[%emt 0:00:13]} Kf7 {
[%emt 0:00:30]} 58. Ke4 {[%emt 0:00:24]} Bf8 {[%emt 0:00:37]} 59. Bc4+ {
[%emt 0:00:36]} Ke8 {[%emt 0:00:26]} 60. Kf5 {[%emt 0:00:15]} Bh6 {
[%emt 0:00:34]} 61. Rd1 {[%emt 0:00:34]} Bg5 {[%emt 0:00:29]} 62. Rd6 {
[%emt 0:00:34]} Ke7 {[%emt 0:00:14]} 63. Bc5 {[%emt 0:00:26]} Ke8 {
[%emt 0:00:03]} 64. a4 {[%emt 0:00:18]} Ng2 {[%emt 0:01:15]} 65. Ke4 {
[%emt 0:00:38]} Nf4 {[%emt 0:00:13]} 66. a5 {[%emt 0:00:06]} Ng2 {
[%emt 0:00:25]} 67. a6 {[%emt 0:00:15]} Nf4 {[%emt 0:00:03]} 68. Bb3 {
[%emt 0:00:14]} Ne2 {[%emt 0:00:44]} 69. Bc2 {[%emt 0:01:23]} Nc3+ {
[%emt 0:00:20]} 70. Kf5 {[%emt 0:00:20]} Nd5 {[%emt 0:00:16]} 71. Ba4 {
[%emt 0:00:50]} Ne3+ {[%emt 0:01:27]} 72. Kg6 {[%emt 0:00:36]} 1-0

[Event "Excelsior March op"]
[Site "Toronto CAN"]
[Date "2024.03.17"]
[Round "4.1"]
[White "Rodrigue-Lemieux, Shawn"]
[Black "Sambuev, Bator"]
[Result "1-0"]
[WhiteElo "2477"]
[BlackElo "2465"]
[PlyCount "127"]
[EventDate "2024.03.15"]
[EventType "swiss"]
[EventRounds "5"]
[EventCountry "CAN"]
[TimeControl "90+30"]

1. e4 {[%emt 0:00:00]} e5 {[%emt 0:00:00]} 2. Nf3 {[%emt 0:00:00]} Nc6 {
[%emt 0:00:00]} 3. Nc3 {[%emt 0:00:00]} Nf6 {[%emt 0:00:00]} 4. d4 {
[%emt 0:00:00]} exd4 {[%emt 0:00:00]} 5. Nxd4 {[%emt 0:00:00]} Bb4 {
[%emt 0:00:00]} 6. Nxc6 {[%emt 0:00:00]} bxc6 {[%emt 0:00:00]} 7. Bd3 {
[%emt 0:00:00]} d5 {[%emt 0:00:00]} 8. exd5 {[%emt 0:00:00]} O-O {
[%emt 0:00:00]} 9. O-O {[%emt 0:00:00]} cxd5 {[%emt 0:00:00]} 10. h3 {
[%emt 0:00:00]} Rb8 {[%emt 0:00:00]} 11. Be3 {[%emt 0:00:00]} c5 {
[%emt 0:00:00]} 12. a3 {[%emt 0:00:00]} Bxc3 {[%emt 0:00:00]} 13. bxc3 {
[%emt 0:00:00]} c4 {[%emt 0:00:00]} 14. Be2 {[%emt 0:00:00]} Ne4 {
[%emt 0:00:00]} 15. Bxa7 {[%emt 0:00:00]} Nxc3 {[%emt 0:00:00]} 16. Qd2 {
[%emt 0:00:00]} Nxe2+ {[%emt 0:00:00]} 17. Qxe2 {[%emt 0:00:00]} Ra8 {
[%emt 0:00:00]} 18. Bd4 {[%emt 0:00:00]} Re8 {[%emt 0:00:00]} 19. Qf3 {
[%emt 0:00:00]} Qg5 {[%emt 0:00:00]} 20. a4 {[%emt 0:00:00]} Bf5 {
[%emt 0:00:00]} 21. c3 {[%emt 0:00:00]} Qg6 {[%emt 0:00:00]} 22. a5 {
[%emt 0:00:00]} Re6 {[%emt 0:00:00]} 23. Kh2 {[%emt 0:00:00]} h5 {
[%emt 0:00:00]} 24. Qg3 {[%emt 0:00:00]} Qxg3+ {[%emt 0:00:00]} 25. Kxg3 {
[%emt 0:00:00]} Bd3 {[%emt 0:00:00]} 26. Rfd1 {[%emt 0:00:00]} Rea6 {
[%emt 0:00:00]} 27. Bb6 {[%emt 0:00:00]} f6 {[%emt 0:00:00]} 28. Re1 {
[%emt 0:00:00]} Kf7 {[%emt 0:00:00]} 29. Kf4 {[%emt 0:00:00]} d4 {
[%emt 0:00:00]} 30. cxd4 {[%emt 0:00:00]} c3 {[%emt 0:00:00]} 31. d5 {
[%emt 0:00:00]} Re8 {[%emt 0:01:23]} 32. d6 {[%emt 0:00:00]} g5+ {
[%emt 0:01:16]} 33. Kf3 {[%emt 0:00:00]} Bb5 {[%emt 0:00:44]} 34. Rxe8 {
[%emt 0:03:39]} Kxe8 {[%emt 0:00:14]} 35. Ke4 {[%emt 0:00:11]} Kd7 {
[%emt 0:07:22]} 36. Kd5 {[%emt 0:00:07]} Bc6+ {[%emt 0:02:08]} 37. Kc5 {
[%emt 0:00:15]} c2 {[%emt 0:00:34]} 38. f3 {[%emt 0:06:04]} Ra8 {[%emt 0:00:57]
} 39. Rc1 {[%emt 0:00:34]} Re8 {[%emt 0:00:54]} 40. Rxc2 {[%emt 0:00:10]} Re5+
{[%emt 0:00:05]} 41. Kd4 {[%emt 0:01:22]} Rd5+ {[%emt 0:00:40]} 42. Ke3 {
[%emt 0:02:22]} Kxd6 {[%emt 0:00:12]} 43. a6 {[%emt 0:00:46]} Rb5 {
[%emt 0:02:07]} 44. a7 {[%emt 0:01:07]} Bb7 {[%emt 0:00:27]} 45. Bd8 {
[%emt 0:02:20]} Rb3+ {[%emt 0:01:10]} 46. Kf2 {[%emt 0:00:18]} Ra3 {
[%emt 0:00:45]} 47. Bxf6 {[%emt 0:01:20]} Rxa7 {[%emt 0:01:29]} 48. Bxg5 {
[%emt 0:00:05]} Bd5 {[%emt 0:00:15]} 49. Kg3 {[%emt 0:01:41]} Ra2 {
[%emt 0:00:24]} 50. Rxa2 {[%emt 0:00:56]} Bxa2 {[%emt 0:00:07]} 51. Kh4 {
[%emt 0:00:21]} Bc4 {[%emt 0:00:22]} 52. Kxh5 {[%emt 0:00:34]} Bf1 {
[%emt 0:00:04]} 53. g4 {[%emt 0:00:35]} Bxh3 {[%emt 0:00:05]} 54. Bc1 {
[%emt 0:00:46]} Ke7 {[%emt 0:01:58]} 55. f4 {[%emt 0:00:51]} Kf7 {
[%emt 0:02:22]} 56. f5 {[%emt 0:00:18]} Kg7 {[%emt 0:00:19]} 57. Bb2+ {
[%emt 0:00:12]} Kh7 {[%emt 0:00:20]} 58. Kh4 {[%emt 0:00:33]} Bf1 {
[%emt 0:00:14]} 59. g5 {[%emt 0:00:27]} Be2 {[%emt 0:00:52]} 60. g6+ {
[%emt 0:00:09]} Kg8 {[%emt 0:00:41]} 61. f6 {[%emt 0:00:19]} Bc4 {
[%emt 0:00:07]} 62. Kg5 {[%emt 0:00:15]} Bb3 {[%emt 0:00:28]} 63. Ba3 {
[%emt 0:00:35]} Bc4 {[%emt 0:00:25]} 64. Kf4 {[%emt 0:00:06]} 1-0

[Event "Pere Noel"]
[Site "Montreal CAN"]
[Date "2023.12.28"]
[Round "1.1"]
[White "Rodrigue-Lemieux, Shawn"]
[Black "Chaurette, Laurent"]
[Result "1-0"]
[WhiteElo "2601"]
[BlackElo "1941"]
[PlyCount "39"]
[EventDate "2023.12.27"]
[EventType "swiss"]
[EventRounds "5"]
[EventCountry "CAN"]

1. a3 d5 2. Nf3 Nf6 3. d4 e6 4. e3 c5 5. b3 Be7 6. Bd3 Qb6 7. O-O O-O 8. Nbd2
Nc6 9. dxc5 Qxc5 10. Bb2 Bd7 11. Qe2 Rfe8 12. Rfd1 Rac8 13. Rac1 Bf8 14. c4 Qe7
15. b4 a6 16. Bb1 g6 17. e4 Nxe4 18. Bxe4 dxe4 19. Nxe4 e5 20. Rxd7 1-0